Airport City Codes (U.S.) Quiz Stats

 Plays Quiz Updated Aug 15, 2012

Challenge
Share
Tweet
Embed
Score 0/18 Timer 05:00
0 Plays Today
Airport Code % Correct
John F. Kennedy International AirportJFK
94.5%
Miami International AirportMIA
85.5%
Dallas/Fort Worth International AirportDFW
83.3%
Hartsfield-Jackson Atlanta International AirportATL
82.1%
Denver International AirportDEN
77.5%
LaGuardia AirportLGA
74%
Seattle-Tacoma International AirportSEA
72.8%
San Francisco International AirportSFO
64.8%
Sky Harbor International AirportPHX
62%
Airport Code % Correct
Philadelphia International AirportPHL
56%
McCarran International AirportLAS
55.9%
Chicago Midway AirportMDW
48.8%
Newark Liberty International AirportEWR
44.5%
Washington Dulles International AirportIAD
41.1%
Honolulu International AirportHNL
39.9%
Ronald Reagan Washington National AirportDCA
39.3%
Detroit Metropolitan Wayne County AirportDTW
38.6%
George Bush Intercontinental AirportIAH
34.9%

You're not logged in!

Compare scores with friends on all Sporcle quizzes.
OR
Log In

You Might Also Like...

Show Comments

Extras

Top Quizzes Today


Score Distribution

Your Account Isn't Verified!

In order to create a playlist on Sporcle, you need to verify the email address you used during registration. Go to your Sporcle Settings to finish the process.

Report this User

Report this user for behavior that violates our Community Guidelines.

Details: